000 00723nam a2200217Ia 4500
003 IN-BaIIA
008 211028s9999 xx 000 0 eng d
020 _a0-19-850059-9
040 _cIIA Library
080 _a53:51
_bTHE
245 4 _aThe geometric universe
_bscience, geometry, and the work of Roger Penrose
_cedited by S. A. Huggett…[et al.]
260 _aOxford
_bOxford University Press
_c1998
300 _axvii, 431p.
650 _aGeometry
_91677
650 _aMathematical physics
_91525
700 _aHuggett, S. A., ed.
_928898
700 _aMson, L. J., ed.
_928899
700 _aTod, K. P., ed.
_928900
700 _aTsou, S. T., ed.
_928901
942 _cBK
999 _c15679
_d15679